Match 'Em Up Blitz - Seinfeld Quiz Stats

Quiz Updated Jan 24, 2013

Also try: Match 'Em Up Blitz
Challenge
Share
Tweet
Embed
Score 0/40 Timer 07:00
4 Plays Today
% Correct
STARS
99.8%
CHARACTER
99.8%
ACTOR
99.7%
EPISODES
69.3%
CHARACTER
69.1%
STARS COMPLETE
69%
EPISODES UNLOCKED
68.9%
TITLE PART 1
68.9%
TITLE PART 2
68.9%
LAST NAME
68.5%
FIRST NAME
68.4%
EPISODES COMPLETE
68.2%
CHARACTERS UNLOCKED
68.2%
PART 1
67.3%
PART 2
67.3%
BROKEN LINES
67.3%
CHARACTERS COMPLETE
67.2%
BROKEN LINES UNLOCKED
67.2%
NICKNAMES
66.3%
PART 1
66.2%
% Correct
PART 2
66.2%
BROKEN LINES COMPLETE
66.1%
NICKNAMES UNLOCKED
66%
CHARACTER
64.9%
WORKPLACE
64.1%
WORKPLACES
64%
NICKNAMES COMPLETE
64%
WORKPLACES UNLOCKED
63.9%
CHARACTER
55.7%
FLAW
55%
FLAWS
54.9%
WORKPLACES COMPLETE
54.8%
FLAWS UNLOCKED
54.8%
CHARACTER
38%
LINE
37.7%
LINES
37.4%
FLAWS COMPLETE
37%
LINES UNLOCKED
37%
LINES COMPLETE
17.8%
WELL DONE
17.8%

You're not logged in!

Compare scores with friends on all Sporcle quizzes.
Join for Free
OR
Log In

You Might Also Like...

Show Comments

Extras

Top Quizzes Today


Score Distribution

Your Account Isn't Verified!

In order to create a playlist on Sporcle, you need to verify the email address you used during registration. Go to your Sporcle Settings to finish the process.

Report this User

Report this user for behavior that violates our Community Guidelines.

Details: